Advanced Higher Algebra (Record no. 796)
[ view plain ]
| 000 -LEADER | |
|---|---|
| Fixed length control field | 00487nam a2200181 4500 |
| 003 - CONTROL NUMBER IDENTIFIER | |
| Control field | SEACOMMC |
| 005 - DATE AND TIME OF LATEST TRANSACTION | |
| Control field | 20250425135313.0 |
| 008 - FIXED-LENGTH DATA ELEMENTS--GENERAL INFORMATION | |
| Fixed length control field | 241127b |||||||| |||| 00| 0 eng d |
| 020 ## - INTERNATIONAL STANDARD BOOK NUMBER / ISBN | |
| International Standard Book Number | 978-93-80673-05-9. |
| Price | Rs.240.00 |
| 040 ## - CATALOGING SOURCE | |
| Original cataloging agency | SEACOMMC |
| 082 ## - DEWEY DECIMAL CLASSIFICATION NUMBER | |
| Classification number | 512.5 |
| Book Number | C 435 |
| 100 ## - MAIN ENTRY--PERSONAL NAME | |
| Personal name | Chakravorty,J G |
| 245 1# - TITLE STATEMENT | |
| Title | Advanced Higher Algebra |
| Statement of responsibility | J G Chakravorty and P R Ghosh |
| 250 ## - EDITION STATEMENT | |
| Edition statement | 9th ed. |
| 260 ## - IMPRINT | |
| Place of publication | Kolkata |
| Name of publisher | U N Dhur |
| Date of publication | 2007 |
| 650 ## - SUBJECT ADDED ENTRY--TOPICAL TERM | |
| Topical term | Mathematics:Algebra |
| 942 ## - ADDED ENTRY ELEMENTS (KOHA) | |
| Koha item type | Books |
| Withdrawn status | Lost status | Source of classification | Damaged status | Not for loan | Home library | Current library | Shelving location | Date acquired | Total Checkouts | Call number | Accession number | Date last seen | Price effective from | Koha item type | Copy number |
|---|---|---|---|---|---|---|---|---|---|---|---|---|---|---|---|
| Dewey Decimal Classification | SEACOM MANAGEMENT COLLEGE | SEACOM MANAGEMENT COLLEGE | Reference | 23/11/2007 | 512.5 C 435 | M-1022 | 27/11/2024 | 27/11/2024 | Books | ||||||
| Dewey Decimal Classification | SEACOM MANAGEMENT COLLEGE | SEACOM MANAGEMENT COLLEGE | 23/11/2007 | 512.5 C 435 | M-1023 | 27/11/2024 | 27/11/2024 | Books | 1 | ||||||
| Dewey Decimal Classification | SEACOM MANAGEMENT COLLEGE | SEACOM MANAGEMENT COLLEGE | 23/11/2007 | 512.5 C 435 | M-1024 | 27/11/2024 | 27/11/2024 | Books | 2 | ||||||
| Dewey Decimal Classification | SEACOM MANAGEMENT COLLEGE | SEACOM MANAGEMENT COLLEGE | 23/11/2007 | 512.5 C 435 | M-1025 | 27/11/2024 | 27/11/2024 | Books | 3 | ||||||
| Dewey Decimal Classification | SEACOM MANAGEMENT COLLEGE | SEACOM MANAGEMENT COLLEGE | 23/11/2007 | 512.5 C 435 | M-1026 | 27/11/2024 | 27/11/2024 | Books | 4 |
